000 00698nam a2200205 a 4500
001 000011072
005 20240412074222.0
008 091014s2002 dr r 000 p spa d
040 _aDO-SdBNP
_bspa
_cBNPHU
082 _aRD861.44
_bR569a
100 1 _aRiggio Pou, Güido,
_d1949-
_926573
245 1 3 _aEl Ángel /
_cGüido Riggio Pou.
260 _aSantiago de los Caballeros, República Dominicana :
_bMaxan, S.A.,
_c2002.
300 _a23 P. ;
_c23 cm.
500 _aIncluye datos biográficos del autor en la solapa de la cubierta
590 _aInventariado, 2018/BT
650 0 _aPoesía dominicana
_966
650 0 _aLiteratura dominicana.
_967
910 _aValidado. Control de calidad. MFF
999 _c10797
_d10797